[Event "79th Tata Steel Chess 2017-Masters"]
[Site "Wijk aan Zee"]
[Date "2017.01.21"]
[Round "7"]
[White "Wojtaszek, Radoslaw"]
[Black "Adhiban, Baskaran"]
[Result "0-1"]
[WhiteElo "2750"]
[BlackElo "2653"]
[Annotator "Sagar Shah"]
[PlyCount "132"]
[EventDate "2017.??.??"]
[EventType "tourn"]
[EventCountry "NED"]
[SourceTitle "playchess.com"]
[Source "ChessBase"]
[TimeControl "40/6000+30:20/3000+30:900+30"]

1. d4 {[%emt 0:00:00]} e6 {[%emt 0:00:30]} 2. c4 {[%emt 0:00:00]} b6 {4 The
English Defence. Once again Adhiban chooses a system which is not
theoretically popular.} 3. Nc3 {159} Bb4 {5 Now this has a flavour of the
Nimzo Indian + the Queen's Indian.} 4. Qc2 {119} Bb7 {[%emt 0:00:30]} 5. a3 {
[%emt 0:00:07]} Bxc3+ {[%emt 0:00:20]} 6. Qxc3 {[%emt 0:00:06]} f5 {127 And
now we have some sort of a Dutch!} 7. Nh3 {184 Wojtaszek develops his knight
on h3 so that he can keep the e4 square under control with the move f3.} Nf6 {
[%emt 0:00:40]} 8. f3 {[%emt 0:00:13]} O-O {75} 9. e3 {[%emt 0:00:14]} Nh5 {
[%emt 0:00:59]} 10. Be2 {285} Qh4+ {[%emt 0:00:16]} 11. Nf2 {30 Overall White
has a very harmonious position with the centre, and the bishop pair. But
Black's play is easy. He just develops d6-Nbd7 and breaks in the centre with
e5.} d6 {[%emt 0:00:14]} 12. b3 {261} Nd7 {109} 13. Bb2 {358} e5 {[%emt 0:00:
20]} 14. d5 {87} f4 {1192 Adhiban decides that it is best to close down the
position against White's bishops.} 15. e4 {80} a5 {688} 16. g3 {1246} Qe7 {
[%emt 0:00:08]} (16... fxg3 17. hxg3 Qg5 18. f4 Qxg3 19. Rxh5 Qg1+ 20. Kd2 (20.
Bf1 Rxf4 $19) 20... Qxf2 21. Rf1 $13) 17. g4 {[%emt 0:00:05]} Nhf6 {[%emt 0:00:
02]} 18. Qc2 {77} c6 $1 {95 The white king doesn't really have a safe spot to
go to and hence Adhiban opens up the position in the center.} 19. dxc6 {284}
Bxc6 {62} 20. b4 {[%emt 0:00:11]} axb4 {126} 21. axb4 {154} Rxa1+ {[%emt 0:00:
21]} 22. Bxa1 {[%emt 0:00:05]} Ra8 {109 Black pieces are activated without any
issues.} 23. Bb2 {[%emt 0:00:08]} Nf8 $1 {87 The knight is making its way from
e6 to d4.} 24. Qd2 {671} Ne6 {81} 25. O-O {159} h5 {80} 26. Rd1 {[%emt 0:00:13]
} Ra2 {1003} 27. b5 $6 {924} (27. Qxd6 Qxd6 28. Rxd6 Rxb2 29. Rxe6 Bd7 $1 30.
Rd6 Rxe2 31. g5 Nh7 32. Rxd7 Nxg5 $11 {When the position is around even.})
27... Bd7 {704} 28. c5 {704 This was Wojtaszek's plan. To get the bishop to c4.
} Nd4 $1 {175} 29. c6 {93} (29. Bc4+ d5 $1 30. exd5 Nxf3+ $19) 29... Be6 {
7 True the pawn on c6 is strong. It is even protected. But the knight on f6 is
going to come around to c7 and blockade the pawn. The other knight will also
jump in and the b5 pawn would become quite weak. Although at first look this
seems like better for White, it is in fact the other way around.} 30. g5 {89}
Ne8 {78} 31. h4 {125} Nc7 {[%emt 0:00:16]} 32. Kg2 {135} Bb3 {517} (32... d5 $5
) (32... Ncxb5 $2 33. Bxb5 Nxb5 34. Qb4 Nd4 35. Bxd4 $16) (32... Qe8 $1 33. Bd3
Ncxb5 34. Bxb5 Nxb5 $17) 33. Rc1 {139} Nxe2 {[%emt 0:00:20]} 34. Qxe2 {[%emt 0:
00:07]} Ba4 {362 Black goes after the b5 pawn, but now the d6 is also equally
weak and Black loses control.} 35. Qc4+ {130} Qf7 {[%emt 0:00:19]} 36. Qb4 {
20 White is already pretty fine, because the d6 pawn is falling.} Bxb5 {303}
37. Nd1 $1 {62 The bishop on b2 is defended and the d6 pawn is attacked.} Kh7 {
754} (37... Qe6 38. Nc3 $16) 38. Qxd6 $18 {43 In a matter of few moves the
position has turned into a clearly better one for White.} Be2 {[%emt 0:00:54]}
39. Qxe5 $1 {128} Ra5 {[%emt 0:00:32]} 40. Qd6 {[%emt 0:00:00]} (40. Qd4 $1 Ne6
41. Qxb6 $18 Rb5 42. Qf2 Bxd1 43. Rxd1 $18) 40... Ra2 {48 Forty moves have
been made. Now White is clearly winning and also has a lot of time in hand.}
41. Qb4 {683} (41. Qd7 $1 {Not an easy combination to see.} Qxd7 42. cxd7 Ne6
43. g6+ $3 {The only move to win.} Kh6 (43... Kxg6 44. Rc6 $18) (43... Kg8 44.
Rc8+ $18) 44. Rc2 $1 Bxd1 45. Bxg7+ $18) (41. Rc2 {is the simpler way to win.}
Bxd1 42. Qxd1 Qb3 43. Qc1 Ne6 44. Rd2 $18) 41... b5 {788} 42. Nf2 {372} Ne6 {
350} 43. Ra1 {1101} Rxa1 {108} 44. Bxa1 {34 White is still better, but nowhere
close to what he was four moves ago.} Qa7 {235} 45. Qd2 {228} Qe3 {217} 46.
Qxe3 {[%emt 0:00:05]} fxe3 {[%emt 0:00:02]} 47. Be5 $6 {196} (47. Nh3 b4 {
Maybe Wojtaszek was afraid of this position, but it should be a draw.}) 47...
b4 {269} 48. c7 {95} exf2 {80} 49. Kxf2 {[%emt 0:00:05]} Ba6 {9 Black has won
a piece but White has two pawns in return and very strong structure. The game
should be objectively drawn.} 50. Ke3 {69} g6 {574} 51. Kd2 {75} (51. f4 b3 52.
Kd2 Bc8 53. Kc3 Nc5 54. Bd4 Nxe4+ 55. Kxb3 $19 {This is als losing as the
knight will pick up the h4 pawn and the pawn will queen.}) 51... Kg8 {83} 52.
Kc2 {[%emt 0:00:17]} Bc8 {403} 53. Kb3 {129} Nc5+ {[%emt 0:00:00]} 54. Kc4 {
[%emt 0:00:05]} (54. Kxb4 Nd3+ $19) 54... Na6 {[%emt 0:00:09]} 55. Bd6 {291}
Be6+ {71} 56. Kd4 {[%emt 0:00:04]} (56. Kb5 b3 $19) 56... Kf7 {[%emt 0:00:41]}
57. f4 {[%emt 0:00:39]} b3 {[%emt 0:00:53]} 58. Kc3 {[%emt 0:00:37]} Ke8 {
[%emt 0:00:05]} 59. c8=Q+ {196} (59. f5 gxf5 60. exf5 Bxf5 61. Kxb3 {would
have given better drawing chances.} Kd7 62. c8=Q+ Kxc8 63. Kc4 Kd7 64. Kd5 $11)
59... Bxc8 {[%emt 0:00:03]} 60. Kxb3 {[%emt 0:00:00]} Kd7 {99} 61. Ba3 {
[%emt 0:00:10]} Bb7 {[%emt 0:00:15]} 62. f5 {[%emt 0:00:06]} (62. e5 Nc7 $19)
62... Bxe4 {[%emt 0:00:06]} 63. f6 {73} Bd5+ {130} 64. Kc3 {67} Nc7 {97} 65.
Kd3 {107} Ke6 {[%emt 0:00:51]} 66. Bc1 {[%emt 0:00:29]} Nb5 {48 Black has
complete control on the light squares and Wojtaszek saw no reason to continue
the fight.} 0-1

[Event "79th Tata Steel GpA"]
[Site "Wijk aan Zee NED"]
[Date "2017.01.21"]
[Round "7"]
[White "Wei Yi"]
[Black "Van Wely, L."]
[Result "1-0"]
[WhiteElo "2706"]
[BlackElo "2695"]
[Annotator "Alex Yermolinsky"]
[PlyCount "105"]
[EventDate "2017.??.??"]

1. e4 c5 2. Nf3 d6 3. d4 cxd4 4. Nxd4 Nf6 5. Nc3 a6 6. Bg5 Nbd7 $5 {An
interesting attempt to delay e7-e6 and change the move order of the regular
Najdorf theory.} 7. Bc4 $1 {The most principled reply.} ({For some time
everybody went gaga over} 7. Qe2 {but this move gets more credit for its edgy
unorthodox appearance than it really deserves for its quality.} h6 8. Bxf6 Nxf6
9. O-O-O e5 $1 {A true Najdorf reply!} 10. Nf5 g6 11. Ne3 Be6 {White has no
attack, and for the slow plans of controlling the pace of events through
occupation of the d5-square his king really doesn't belongs in the Q-side.}) ({
Inaccurate is} 7. f4 Qc7 {White never gets to place his bishop on c4, which
has always been considered the best weapon against Black's setup with Nbd7.} 8.
Qf3 b5 9. O-O-O Bb7 10. Bd3 {and...} g6 $1 {Welcome to the Dragon's Den,
courtesy of the late, great Vugar Gashimov.}) 7... Qb6 8. O-O (8. Bb3 {appear
the most logical, but White cannot quite transpose to the regular lines of Bg5
Najdorf.} e6 9. Qd2 {This is more like a Richter-Rauser attack of the
Classical with a pinch of Fischer-Sozin's Bc4-b3 thrown in.} ({if} 9. f4 Be7 {
then White cannot place his queen on f3.}) 9... Be7 10. O-O-O Nc5 11. Rhe1 O-O
12. f4 h6 13. h4 {was played by Andreikin, but Dmitry's opening choices are
not to be always taken for granted.}) (8. Qd2 $5 {is a Poisoned Pawn combined
with Bc4. Velimirovic would be ecstatic!} Qxb2 9. Rb1 Qa3 10. O-O Qc5 11. Bd5 {
We follow a recent game Tsydypov-Yu Yangyi which I witnessed at Hainan
International just a month ago.} e6 12. Rfe1 Ne5 (12... Qc7 13. Bxe6 fxe6 14.
Nxe6) 13. Na4 Qc7 14. Nb6 Rb8 15. f4 {Black's position came under considerable
pressure.}) 8... Qc5 ({Recently Black tried (and survived!)} 8... Qxb2 9. Nd5
Nxd5 10. Rb1 Qc3 11. Bxd5 Qc7 {One wonders what the Chinese GM analytical team
has up their collective sleeve.}) 9. Bd5 e6 ({Call me coward, but I'd choose} 
9... g6 10. Qd2 Bg7 11. Rad1 O-O {just to play a game of chess, not some
memory contest.}) 10. Re1 Be7 11. Be3 Qa5 12. Bxe6 {Figures. This typical sac
has been tested in practice with good results since 2014. The ownership
belongs to Belorus GM Sergey Azarov.} ({Previously Wei Yi played} 12. Bb3 {
and didn't get much:} Nc5 13. f3 Qc7 14. a4 Nxb3 15. Nxb3 b6 {Wei Yi-Xu
Yinglun, China Team Ch 2015}) 12... fxe6 13. Nxe6 Nc5 {It only took Loek 50
minutes to come up with this over-the-board innovation. In reality it's not
such a good move, but additional value is placed on a surprise factor. Nobody
wants to let his opponent just follow his computer-approved preparation all
the way to victory.} ({Like it or not, Black has to follow the main line,} 
13... Kf7 14. Ng5+ Ke8 (14... Kg8 15. b4 $1 Qe5 (15... Qxb4 16. Nd5) 16. Qd3 h6
17. f4) 15. Nd5 Nxd5 16. exd5 Ne5 (16... Nf6 17. Bd4 Kf8 18. Bxf6 Bxf6 19. Qh5
{was an Azarov quick kill against Xiong in 2014. Rest assured Jeffery doesn't
lose game in this fashion anymore!}) 17. Bf4 Bf6 18. Ne4 Qc7 {Adhiban-Swiercz,
2014 is a reference game, but to my eye Black's position stops inspiring any
confidence once you recall that he had already moved his king and therefore
cannot castle}) 14. b4 ({We can also look at} 14. Nxg7+ Kf7 15. Nd5 Kxg7 16.
Nxe7 {Black is just hopeless here.} Qc7 17. Nd5 Nxd5 18. exd5 {etc.}) 14...
Qxb4 15. Nc7+ Kd8 16. N3d5 Nxd5 17. Nxd5 Qa3 18. Nb6 {One and only miss by Wei
Yi in the whole game.} (18. Qf3 $1 {would make this a typical van Wely Najdorf
miniature loss in Wijk aan Zee tournaments - I recall he had three of those in
2010 alone.} Rf8 (18... Qa5 19. Qf7 Bf6 20. Bg5 Bxg5 21. Qxg7) 19. Qg3 Qa5 (
19... Be6 20. Nxe7 Kxe7 21. Bg5+ {and there goes the queen.}) 20. Qxg7 Re8 21.
Bg5) ({Also, pretty strong was} 18. e5) 18... Rb8 19. Nc4 Qb4 20. Nxd6 Nd3 $1
21. Qxd3 {Wei Yi is still very young but his play shows maturity. Here he goes
for a technical solution, hoping to win slowly but surely.} (21. Nf7+ Ke8 22.
Qh5 g6 23. Qd5 {seems murky when you sit at the board.}) 21... Qxd6 22. Qxd6+
Bxd6 23. Rad1 Kc7 24. Rxd6 Kxd6 25. Bf4+ Ke6 26. Bxb8 {Just like this we have
arrived at an ending Black may or may not lose. Of course, Loek had maybe a
minute left on his clock and was all but mentally spent.} Bd7 27. Ba7 Rc8 28.
Rc1 Rc4 29. f3 Ra4 30. Ra1 Rc4 31. c3 b5 32. a3 a5 {No, not this.} (32... Rxc3
33. Bd4 Rc2 34. Bxg7 a5 {offers some counterchances.}) 33. Bb6 Ra4 34. Bd4 g6
35. Kf2 g5 36. Ke3 Bc6 37. Kd2 h5 38. Kc2 b4 $6 {This offers White an easy
expressway ride to victory.} (38... h4 {had to be played to be able to trade
the h-pawns once White begins to make his connected passers.}) 39. cxb4 axb4
40. axb4 Rxb4 41. Kc3 Ra4 42. Rxa4 Bxa4 43. g3 $1 h4 44. f4 gxf4 (44... hxg3
45. f5+ $1 (45. hxg3 $2 gxf4 46. gxf4 Bc6 47. f5+ Kf7 48. Kd3 Bb7 49. Ke3 Bc6
50. e5 Bd7 $11 {is what Every Russian Schoolboy Knows about opposite-color
bishop endings.}) 45... Kf7 46. hxg3 {having saved his g-pawn White is happy
to trade e- and f-passers for the black bishop.}) 45. gxf4 {Same story here,
because White's bishop is of the right color for the remaining rook pawn.} h3
46. Kd2 Kd6 47. Ke3 Bc2 48. f5 Kc6 49. Kf4 Bd3 50. Bb2 Bc2 51. e5 Kd5 52. Kg5
Bd3 53. e6 1-0

[Event "79th Tata Steel Chess 2017-Challengers"]
[Site "Wijk aan Zee"]
[Date "2017.01.21"]
[Round "7"]
[White "Xiong, Jeffery"]
[Black "Dobrov, Vladimir"]
[Result "1-0"]
[WhiteElo "2667"]
[BlackElo "2499"]
[PlyCount "75"]
[EventDate "2017.??.??"]
[TimeControl "60"]

1. e4 {[%emt 0:00:00]} c5 {[%emt 0:00:07]} 2. Nf3 {[%emt 0:00:00]} b6 {75} 3.
g3 {547} Bb7 {124} 4. Qe2 {132} g6 {311} 5. Bg2 {71} Bg7 {[%emt 0:00:04]} 6.
O-O {106} Nf6 {1093} 7. e5 {150} Nd5 {60} 8. d4 {305} Nc7 {183} 9. Rd1 {600}
Qc8 {271} 10. c3 {675} Bc6 {255} 11. h4 {266} Qa6 {277} 12. Qe3 {190} cxd4 {149
} 13. cxd4 {[%emt 0:00:20]} Nd5 {129} 14. Qe1 {63} Qb7 {[%emt 0:00:09]} 15. h5
{374} O-O {1143} 16. Nh4 {77} Na6 {[%emt 0:00:53]} 17. a3 {[%emt 0:00:25]} e6 {
252} 18. Nd2 {201} d6 {181} 19. Nc4 {221} dxe5 {[%emt 0:00:12]} 20. dxe5 {
[%emt 0:00:40]} Qe7 {396} 21. b4 {316} g5 {314} 22. h6 {349} Bxh6 {319} 23. Nd6
{77} Nac7 {87} 24. a4 {663} ({White could play the immediate} 24. b5 $1 {
that comes with a venemous idea.} Nxb5 $2 (24... Bd7 {is the only move.}) 25.
Bxd5 Bxd5 26. Rxd5 $1 exd5 27. Nhf5 Qe6 28. Nxh6+ Qxh6 29. Nxb5 $18) 24... Bg7
{154} 25. Nf3 {[%emt 0:00:33]} f6 {204} 26. b5 {[%emt 0:00:35]} Be8 {[%emt 0:
00:02]} 27. Ba3 {[%emt 0:00:41]} Qd7 {287} 28. Ne4 {113} f5 {69} 29. Nexg5 {165
} Bh5 {[%emt 0:00:03]} 30. Bxf8 {[%emt 0:00:15]} Rxf8 {[%emt 0:00:31]} 31. Rac1
{80} Qe7 {113} 32. Rc6 {85} f4 {44 [#] Finishing with style.} 33. Rxd5 $1 {260}
exd5 {127} (33... Nxd5 34. Nxe6 fxg3 35. Nxf8 Qxf8 36. Qe4) 34. Qb1 {[%emt 0:
00:58]} Bg6 {[%emt 0:00:59]} 35. Rxg6 {[%emt 0:00:21]} hxg6 {[%emt 0:00:02]}
36. Qxg6 {[%emt 0:00:07]} Rd8 {63} 37. Nh4 {[%emt 0:00:19]} Kf8 {[%emt 0:00:08]
} 38. Nf5 {[%emt 0:00:24]} 1-0

[Event "79th Tata Steel GpA"]
[Site "Wijk aan Zee NED"]
[Date "2017.01.22"]
[Round "8"]
[White "Aronian, L."]
[Black "Giri, A."]
[Result "1-0"]
[WhiteElo "2780"]
[BlackElo "2773"]
[Annotator "Ramirez Alvarez,Alejandro"]
[PlyCount "85"]
[EventDate "2017.??.??"]

1. d4 Nf6 2. c4 e6 3. Nf3 d5 4. g3 Bb4+ 5. Bd2 Be7 6. Bg2 O-O 7. O-O c6 8. Na3
$5 {In a position where nearly everything has been tried, Aronian comes up
with a new idea! It is hard to believe that this move refutes Black's
super-solid line, but it's at least an attempt.} Nbd7 9. Rc1 Ne4 10. Be3 Bxa3
$6 {Perhaps the beginning of the end for Anish. The idea of installing a
knight on c4 looks very tempting, but it is unfortunately met with a strong
sacrifice.} 11. bxa3 Nd6 12. c5 Nc4 13. Rxc4 $1 {A bit obvious, but that
doesn't mean it isn't strong! In return for the rook, White eliminates Black's
most powerful piece and dominates the dark squares. It will also be difficult
to develop some of black pieces, especially that bishop on c8.} dxc4 14. Qc2 h6
(14... b5 15. Ng5 Nf6 16. Bxc6 Bd7 $5 $16 {Trying to fight back by giving up a
lot of material in exchange for the light squares, was probably a better
practical try. But giving up an exchange and a pawn is never easy, and
objectively this is also terrible for Black.}) 15. Qxc4 b6 16. Bf4 Re8 17. Bd6
{White's position plays itself, while Black cannot access the b-file.} Bb7 18.
Ne5 bxc5 19. dxc5 Nxe5 20. Bxe5 a5 (20... Qd2 21. Rb1 {Doesn't actually
improve Black's position, but it would at least give the sense that the queen
is active!}) 21. Rb1 Ra7 22. Qc3 f6 23. Bd6 Ba8 24. Be4 f5 25. Bc2 Rb7 26. Rd1
Rd7 27. e4 {With the opening of the light squares on the kingside, Black's
position is completely desperate. Notice the sad state of that bishop on a8.}
Qf6 28. Qc4 Kh8 29. Re1 Qf7 30. Qd3 f4 31. gxf4 $1 (31. e5 $6 g5 {is not so
clear yet, though favoring White.}) 31... e5 32. Qh3 $1 Rxd6 (32... exf4 33. e5
{is now devastating, with Qd3, e6 and Bf5 all up in the air.}) 33. cxd6 Qg6+
34. Qg3 Qxd6 {Black has eliminated the bishop on d6, but his position is still
hopeless. He doesn't have the time to defend his kingside. Aronian's pieces
swoop in for a last attack.} 35. Rd1 Qc5 (35... Qe7 36. fxe5 {wasn't that much
more fun either.}) 36. Rd7 Rg8 37. Bb3 exf4 38. Qg6 f3 39. h4 Qc3 40. Bxg8 Qe1+
41. Kh2 Qxf2+ 42. Kh3 Qf1+ 43. Kg4 1-0

[Event "Tata Steel Masters"]
[Site "?"]
[Date "2017.01.22"]
[Round "8.1"]
[White "Rapport, Richard"]
[Black "Carlsen, Magnus"]
[Result "1-0"]
[WhiteElo "2702"]
[BlackElo "2840"]
[Annotator "Bojkov, Dejan"]
[PlyCount "65"]
[EventDate "2017.??.??"]
[WhiteClock "0:18:51"]
[BlackClock "0:12:28"]

1. Nf3 d5 2. b3 Bf5 3. Bb2 e6 4. d3 h6 5. Nbd2 Nf6 6. c4 c6 7. g3 Be7 8. Bg2 {
Ante el campe..^-n del mundo, Rapport decidi..^- jugar s..^-lida. La apertura
Reti sustituye al anterior gambito de rey.} O-O 9. O-O Nbd7 10. a3 a5 11. Qb1 {
No es una idea muy com..+/=n} ({La t..|_pica idea de la Reti tambi..Rn es
posible:} 11. Ra2 Bh7 12. Qa1 Nc5 13. Bc3 b5 14. Ne5 Qb6 15. cxd5 cxd5 16. Bd4
{seguido de una maniobra de doblaje de torres en la columna "c" como en
Melkumyan,H (2640)-Tabatabaei,M (2481) Warsaw 2016.}) ({Sin embargo, Reti se
reagrupaba con:} 11. Rc1 {y esta sigue siendo una de las continuaciones m..Ks
utilizadas hoy en d..|_a.} Bh7 12. Rc2 Bd6 13. Qa1 {y Richard tiene una
partida con esta continuaci..^-n: Rapport,R (2654)-Svetushkin,D (2588) Calvi
2013.}) 11... Bh7 {Una jugada casi siempre ..+/=til. Carlsen previene el
posible ataque de un caballo blanco desde d4.} 12. b4 {La idea de la jugada
anterior blanca.} axb4 13. axb4 Qb6 ({Despu..Rs de} 13... dxc4 $5 14. Nxc4 Nd5
{el blanco tendr..|_a que sacrificar un pe..^-n, pero seguramente ya estaba en
sus planes:} 15. Rxa8 Qxa8 16. Bd4 Nxb4 (16... Bxb4 $2 17. e4) 17. Qb2 Nf6 18.
Ra1 Qd8 19. Bc3 c5 20. Ra5 {con compensaci..^-n.}) 14. Bc3 Rxa1 {En una
partida previa, el blanco consigui..^- algo de ventaja despu..Rs de:} (14...
Ra6 15. Rxa6 (15. c5 $5 {podr..|_a haber sido incluso mejor despu..Rs de} Qa7
16. Qb2 Ra8 17. Rxa6 Qxa6 18. Nb3) 15... Qxa6 16. Qb3 dxc4 17. dxc4 {Lputian,S
(2590)-Adelman,C (2220) Long Beach 1994}) 15. Qxa1 Bxb4 16. Bxb4 Qxb4 17. Rb1
Qd6 18. Rxb7 {Casi todos los peones del flanco de dama han desaparecido y la
partida se aproxima a las tablas. El ..+/=nico problema del negro es el alfil
de h7, pero Carlsen toma medidas para hacer que ..Rste entre en acci..^-n.} e5
19. d4 $5 ({O tambi..Rn} 19. cxd5 cxd5 20. Nf1 Bf5 {con total equilibrio.})
19... exd4 (19... e4 {dejar..|_a al alfil negro mal colocado y permitir..|_a
al blanco tener ligera ventaja despu..Rs de} 20. Ne5) 20. Nxd4 c5 21. N4b3 d4 {
Carlsen busca problemas y los encontrar..K. Esta jugada a..+/=n est..K bien.
Aqu..|_ Rapport sugiri..^-:} (21... dxc4 22. Nxc4 Qe6 {la cual habr..|_a
terminado pronto la partida de manera pac..|_fica}) 22. Bh3 d3 $2 {Esto, sin
embargo, no est..K bien. La l..|_nea:} (22... Rb8 23. Rxb8+ Qxb8 24. Qa5 Qc8
25. Qb5 {la posici..^-n parece pasiva para el negro pero ..Rste se puede
defender bien con} Bg6 $1 {para parar cualquier tipo de mate de la ..+/=ltima
fila. Y si} 26. Nxc5 Qxc5 27. Bxd7 Qe7 {recupera el pe..^-n con igualdad.}) ({
Seguramente la mejor manera de mantener la igualdad era:} 22... Bc2 $5 23. Qa7
Rd8) 23. e3 $1 {Ahora, adem..Ks de los problemas del flanco de dama, el negro
ha de afrontar el avance de los peones "e" y "f".} Ne5 24. Bg2 Rc8 ({A lo
mejor, Carlsen deber..|_a haber intentado la idea con} 24... Ned7 25. Qa7 Rc8
26. Bh3 Rd8 27. Rc7 Bg6 28. Bxd7 Nxd7 29. Nxc5 Nxc5 30. Rxc5 {aunque no
apostar..|_a mucho por las posibilidades de entablar del negro en esta posici..
^-n.}) 25. f4 {Los peones le costar..Kn al negro como m..|_nimo una pieza.}
Neg4 26. e4 Re8 ({O tambi..Rn} 26... Nd7 27. Qa7 Rd8 28. Bf3 h5 29. Rc7 {
donde la posici..^-n del negro es muy desfavorable}) 27. e5 Nxe5 28. fxe5 Rxe5
29. Rb6 $1 {?La mejor jugada!. La dama es desplazada o el negro pierde un pe..
^-n.} ({A lo mejor, el campe..^-n del mundo esperaba sobrevivir al final despu.
.Rs de} 29. Qa7 Bf5 30. Qb8+ Qxb8 31. Rxb8+ Kh7) 29... Qe7 ({O tambi..Rn} 29...
Qxb6 30. Qxe5 Nd7 31. Qe8+ Nf8 32. Qc6 {donde pronto los peones de "c5" y "d3"
desaparecer..Kn}) (29... Qc7 30. Rc6 Qb8 31. Rxc5 {gana un pe..^-n.}) 30. Rb8+
Ne8 31. Bc6 $1 {Una bonita manera de acabar una partida.} Re1+ 32. Qxe1 Qxe1+
33. Nf1 {El blanco recuperar..K la dama y por lo tanto ?Carlsen se rindi..^-!}
(33. Nf1 d2 34. Nbxd2) 1-0